College Entrance Test Reviewer : (Record no. 305449)
[ view plain ]
| 000 -LEADER | |
|---|---|
| fixed length control field | 00482nam a2200193Ia 4500 |
| 008 - FIXED-LENGTH DATA ELEMENTS--GENERAL INFORMATION | |
| fixed length control field | 170203s9999 xx 000 0 und d |
| 020 ## - INTERNATIONAL STANDARD BOOK NUMBER | |
| International Standard Book Number | 9789719364344 |
| 050 ## - LIBRARY OF CONGRESS CALL NUMBER | |
| Classification number | 378.166 |
| 050 ## - LIBRARY OF CONGRESS CALL NUMBER | |
| Item number | .C697 2011 |
| 245 ## - TITLE STATEMENT | |
| Title | College Entrance Test Reviewer : |
| 245 ## - TITLE STATEMENT | |
| Remainder of title | Mathematics / |
| 245 ## - TITLE STATEMENT | |
| Statement of responsibility, etc | Loyola Student Center. |
| 260 ## - PUBLICATION, DISTRIBUTION, ETC. (IMPRINT) | |
| Place of publication, distribution, etc | Quezon City : |
| 260 ## - PUBLICATION, DISTRIBUTION, ETC. (IMPRINT) | |
| Name of publisher, distributor, etc | Loyola Heights Student Center |
| 260 ## - PUBLICATION, DISTRIBUTION, ETC. (IMPRINT) | |
| Date of publication, distribution, etc | 2011 |
| 300 ## - PHYSICAL DESCRIPTION | |
| Extent | 98 pages : |
| 300 ## - PHYSICAL DESCRIPTION | |
| Dimensions | 27 cm. |
| 440 ## - SERIES STATEMENT/ADDED ENTRY--TITLE | |
| Volume number/sequential designation | volume 1. |
| Withdrawn status | Lost status | Damaged status | Home library | Current library | Shelving location | Date acquired | Total Checkouts | Full call number | Barcode | Date last seen | Price effective from | Koha item type |
|---|---|---|---|---|---|---|---|---|---|---|---|---|
| Stonyhurst Southville International School (Batangas) | Stonyhurst Southville International School (Batangas) | 02/03/2017 | 378.166 .C697 2011 | US-2003 | 02/03/2017 | 02/03/2017 | Books |